| 000 | 00500nam a22001817a 4500 | ||
|---|---|---|---|
| 999 |
_c174493 _d174493 |
||
| 005 | 20200618151813.0 | ||
| 010 | _aENG-128213 | ||
| 020 | _c150.00 | ||
| 035 | _aEN-111745 | ||
| 037 | _bDBAD/PUB | ||
| 082 | _a150.00 | ||
| 100 | _aGoswami,Asis | ||
| 245 |
_aExercise Physiology and Ergonomics _cby Asis,Goswami |
||
| 260 |
_akolkata _bAcademic PUblisher _c2012 |
||
| 270 |
_a5A Bhawani Dutta lane _bKolkata _e700073 |
||
| 300 |
_a163p. _c23cm(pbk) |
||
| 942 |
_2ddc _cEN _h612.044 |
||